Statistics for Famous 2nds (relessness version)

Click here to take the quiz!

General Stats

  • This quiz has been taken 320 times
    (315 since last reset)
  • The average score is 7 of 20

Answer Stats

QuestionAnswer% Correct
Greek LetterBeta
80%
Largest CountryCanada
79%
Man on the MoonBuzz Aldrin
70%
Country with the Largest EconomyChina
70%
US PresidentJohn Adams
67%
Highest MountainK2
65%
Book in the BibleExodus
63%
Harry Potter BookHarry Potter and the Chamber of Secrets
49%
Roman EmporerTiberius Julius Caesar
40%
US StatePennsylvania
34%
Busiest AirportBeijing Capital International Airport
29%
Female (Elected) LeaderIndira Gandhi
13%
City to reach 1 Million PeopleAlexandria
5%
Beatles Studio AlbumWith The Beatles
5%
UK Prime MinisterSpencer Compton
2%
Tallest BuildingMecca Royal Hotel Clock Tower
1%
Month of the Islamic CalendarSafar
1%
Man to CircumnavigateAndrés de Urdaneta
0%
Element Chemically DiscoveredCobalt
0%
Friends EpisodeThe One with the Sonogram at the End
0%

Score Distribution

Percentile by Number Answered

Percent of People with Each Score

Your Score History

You have not taken this quiz since the last reset